=LDR 00000nam 2200000 4500 =001 INLIS000000000033803 =005 20130612135733 =008 ***********************************ind** =035 ##$$a0010-061300000033803 =041 ##$$a ind =082 ##$$a 658.31 =090 ##$$a 658.31, Sir,s =100 ##$$a Siregar, Amir =245 ##$$a seleksi CPNS departemen kesehatan, perediksi soal dan pembahasan, amir siregar =260 ##$$a 2007 $b yogyakarta =300 ##$$a 110 hlm, 17 cm =650 ##$$a Tes masuk kerja =850 ##$$a NBPNMAT =990 ##$$a 0001/BPAP-NTB/20142014 =990 ##$$a 0001/BPAP-NTB/20142014